00617nam a2200181 a 4500001001000000003000400010005001700014008004100031040002500072082002200097100003100119245007700150260005300227300003000280651006000310651004200370700002300412000032435OSt20240304171404.0110718s1901 fr c 000 0 spa d aDO-SdBNPbspacBNPHU 4a972.93bL951p2221 aLugo, Américod1870-195210aÁ punto largo /cAmérico Lugo ; estudio crítico Miguel A. Garrido. aParís :bLibrería Paul Ollendorff,c[1901?]. a254 p. :bretr. ;c19 cm. 4aRepública DominicanaxPolítica y gobiernoxHistoria 4aCuba xPolitica y gobierno xHistoria1 aGarrido, Miguel A.